Les 50 ... titres de films - Statistiques

Statistiques générales
  • Ce quiz a été pris 344 fois
  • Le résultat moyen est 41 sur 50
Statistiques - réponses
Hint Réponse Réalisateur % Correct
Vendredi ... 13 Sean S. Cunningham
99%
Apollo ... 13 Ron Howard
99%
Banlieue... 13 Pierre Morel
99%
Le facteur sonne toujours ... fois 2 Tay Garnett
99%
1 chance sur ... 2 Patrice Leconte
99%
... heures moins le quart avant Jésus-Christ 2 Jean Yanne
99%
Les ... frères 3 B. Campan, D. Bourdon
99%
Le train sifflera ... fois 3 Fred Zinnerman
99%
... mariages et un enterrement 4 Mike Newell
99%
Les ... filles du docteur March 4 Gillian Armstrong
99%
... garçons pleins d'avenir 4 Jean-Paul Lilienfeld
99%
Le ...ème élément 5 Luc Besson
99%
Les ... salopards 8 Quentin Tarentino
99%
... mile 8 Curtis Hanson
99%
Super ... 8 J.J. Abrams
99%
Alien : Le ...ème Passager 8 Ridley Scott
99%
L'armée des ... singes 12 Terry Gilliam
98%
... Years a slave 12 Steve McQueen
98%
Les ... travaux d'Astérix 12 R.Goscinny, A. Uderzo
98%
... ans d'écart 20 David Moreau
98%
Blanche-Neige et les ... nains 7 David Kerrick Hand
98%
... ans au Tibet 7 Jean-Jacques Annaud
98%
... vies 7 Gabriele Muccino
98%
Ali baba et les .. voleurs 40 Jacques Becker
97%
... ans, toujours puceau 40 Judd Apatow
97%
OSS ... : Le Caire nid d'espion 117 Michel Hazanavicius
96%
... nuances de Grey 50 Sal Taylor-Johnson
96%
... Dark thirty 0 Kathryn Bigelow
95%
A l'aube du ... jours 6 Roger Spottiswoode
94%
Ma ....-T va crack-er 6 Jean François Richer
94%
Les ... dalmatiens 101 Stephen Herek
89%
Le tour du monde en ... jours 80 Frank Coraci
88%
... Pattes 1001 J. Lasseter, A.Stanton
78%
... août 15 Patrick Alessandrin
77%
... : L'odyssée de l'espace 2001 Stanley Kubrick
75%
... secondes chrono 60 Dominic Sena
74%
... lieues sous les mers 20000 Richard Fleischer
72%
... quai des Orfèvres 36 Olivier Marchal
70%
La ... ème chambre de Shaolin 36 Liu Chia-Liang
70%
... : Christophe Colomb 1492 Ridley Scott
63%
... jours plus tard 28 Danny Boyle
63%
... jours de nuit 30 David Slade
62%
Les ... coups 400 François Truffaud
52%
... francs 99 Jan Kounen
44%
... minutes pour vivre 58 Renny Harlin
35%
Les ... marches 39 Alfred Hitchcock
33%
... Ronin 47 Carl Erik Rinsch
33%
Passager ... 57 Kevin Hooks
28%
L'attaque du métro ... 123 Tony Scott
12%
Police Python ... 357 Alain Corneau
10%
Aucun quiz correspondant
Distribution des résultats
% des personnes avec chaque résultat
Percentile par nombre de réponses
Votre historique - résultats
Vous n’avez pas pris ce quiz